Etiqueta de registo: 00254nam 2200025 450
001 2287262
003 http://id.bnportugal.gov.pt/bib/catbnp/2287262
010 ## $a978-989-9237-32-2
021 ## $aPT$b546067$z546068/25
100 ## $a20260529d2025 m y0pory01030103ba
101 0# $apor
102 ## $aPT
105 ## $ay z 000yy
106 ## $ar
200 1# $a A (s) memória(s) do Concelho de Torre de Moncorvo através do bilhete-postal ilustrado$fcoord. Tiago Felgueiras da Canhota$gautores Tiago Felgueiras da Canhota ... [et al.]$grev. de texto Gabriel Teixeira
210 #9 $aCarviçais$cLema d'Artes Gráficas,$d2025
215 ## $a189, [3] p.$cil.$d14 cm
225 2# $aArtes
702 #1 $aCanhota,$bTiago Daniel Serra Felgueiras da$4340$31912733
702 #1 $aTeixeira,$bGabriel$4640$31999739
801 #0 $aPT$bBN$gRPC
966 ## $lBN$mFGMON$pF07647$x1
966 ## $lBN$mFGMON$x1
971 ## $cjbeatriz$d20260529